Modelovanie preferencií používateľa na Webe

Saved in:
Bibliographic Details
Main Author: Rusňák, Anton (Author)
Other Authors: Rác, Miroslav (Thesis advisor)
Format: Manuscript Book
Language:Slovak
Published: 2020
Subjects:
Online Access:http://is.stuba.sk/zp/portal_zp.pl?podrobnosti=142137
Tags: Add Tag
No Tags, Be the first to tag this record!

MARC

LEADER 00000ntm a22000003a 4500
001 stuzp80616
003 SK-STU
005 20200620212005.4
007 ta
008 150427s2015----xo-----f-mn---000-0-slo-d
040 |a STU  |b slo 
041 0 |a slo 
100 1 |a Rusňák, Anton  |u 070200  |4 aut  |U FIIT Fakulta informatiky a informačných technológií  |T FIIT Ústav informatiky, informačných systémov a softvérového inžinierstva  |X 92142  |U I200  |Y 179  |7 92142 
242 0 1 |a User preferences modeling on the Web  |y eng 
245 1 0 |a Modelovanie preferencií používateľa na Webe 
260 |c 2020 
650 4 |a predikcia  |2 slo 
650 4 |a modelovanie preferencií  |2 slo 
650 4 |a neurónová sieť  |2 slo 
650 4 |a modeling preferences  |2 eng 
650 4 |a prediction  |2 eng 
650 4 |a neural network  |2 eng 
700 1 |a Rác, Miroslav  |u 070200  |k Z3  |4 ths  |U FIIT Fakulta informatiky a informačných technológií  |T FIIT Ústav informatiky, informačných systémov a softvérového inžinierstva  |X 52961  |U I200  |Y 179  |7 52961 
856 4 |u http://is.stuba.sk/zp/portal_zp.pl?podrobnosti=142137